000
00246nam a2200097Ia 4500
001
684968
005
20250826161508.0
008
250824s9999 xx 000 0 und d
245
0
_a
GENİŞ ZAMANLAR/A.KULİN/EVEREST
_c
AYŞE KULİN
260
_b
EVEREST
999
_c
684968
_d
684968